[Event "Druga liga CS - Zapad 2018"]
[Site "?"]
[Date "2018.10.05"]
[Round "7.1"]
[White "Stojanovic, Marko"]
[Black "Boskovic, Drasko"]
[Result "0-1"]
[WhiteElo "2263"]
[BlackElo "2441"]
[PlyCount "100"]
[EventDate "2018.09.07"]
[WhiteTeam "SLOGA - Lipnicki sor"]
[BlackTeam "SLOBODA - Uzice"]

1. Nc3 g6 2. d4 d5 3. Nf3 Nf6 4. Bg5 Bg7 5. Bxf6 Bxf6 6. e4 dxe4 7. Nxe4 Bg7 8.
Bd3 O-O 9. c3 b6 10. O-O Bb7 11. Re1 Nd7 12. Qc2 c5 13. dxc5 Nxc5 14. Nxc5 bxc5
15. Be4 Bxe4 16. Qxe4 Rb8 17. Re2 e6 18. h4 Qe7 19. g3 Qb7 20. Qf4 Rfd8 21. Ne5
Bxe5 22. Qxe5 Rd5 23. Qe4 Rbd8 24. b3 Qe7 25. Rae1 Qf6 26. Qe3 a5 27. c4 Rf5
28. Rd2 Rd4 29. Rxd4 cxd4 30. Qd2 Rf3 31. Kg2 Rc3 32. Qf4 Qxf4 33. gxf4 a4 34.
Re4 d3 35. bxa4 d2 36. Rd4 Rxc4 37. Rxd2 Rxf4 38. h5 gxh5 39. Rd8+ Kg7 40. Ra8
Rb4 41. a5 Ra4 42. a6 Rxa2 43. a7 Ra3 44. Kh2 Kf6 45. Kg2 Kf5 46. Rh8 Rxa7 47.
Rxh7 Kg6 48. Rh8 Ra5 49. Kg3 e5 50. Kf3 f6 0-1

[Event "Druga liga CS - Zapad 2018"]
[Site "?"]
[Date "2018.10.05"]
[Round "7.1"]
[White "Misailovic, Nebojsa"]
[Black "Bircakovic, Mile"]
[Result "1-0"]
[WhiteElo "2362"]
[BlackElo "2214"]
[PlyCount "63"]
[EventDate "2018.09.07"]
[WhiteTeam "SLOBODA - Uzice"]
[BlackTeam "SLOGA - Lipnicki sor"]

1. e4 e5 2. Nf3 Nc6 3. Bb5 a6 4. Ba4 Nf6 5. O-O b5 6. Bb3 Bc5 7. c3 O-O 8. d4
Bb6 9. Re1 d6 10. h3 h6 11. Be3 exd4 12. cxd4 Na5 13. Bc2 Bb7 14. Nbd2 Re8 15.
d5 c6 16. b4 Nc4 17. Nxc4 bxc4 18. dxc6 Bxc6 19. Bxb6 Qxb6 20. Qxd6 Rad8 21.
Qf4 Qxb4 22. e5 Nh5 23. Qg4 Bxf3 24. Qxf3 Qb2 25. Qe2 g6 26. Rab1 Qc3 27. Ba4
Rd2 28. Qe4 Rf8 29. e6 Rb2 30. e7 Nf6 31. exf8=Q+ Kxf8 32. Qe7+ 1-0

[Event "Druga liga CS - Zapad 2018"]
[Site "?"]
[Date "2018.10.05"]
[Round "7.1"]
[White "Misojcic, Miroslav"]
[Black "Savic, Petar A"]
[Result "1/2-1/2"]
[WhiteElo "2244"]
[BlackElo "2104"]
[PlyCount "44"]
[EventDate "2018.09.07"]
[WhiteTeam "SLOBODA - Uzice"]
[BlackTeam "SLOGA - Lipnicki sor"]

1. d4 Nf6 2. c4 d6 3. Nf3 Nbd7 4. Nc3 e5 5. e4 exd4 6. Nxd4 Ne5 7. f3 Be7 8.
Be2 O-O 9. O-O a5 10. Be3 Re8 11. Qc2 Bd7 12. Rad1 h6 13. Kh1 Bf8 14. Ndb5 Ng6
15. Rfe1 Qb8 16. Qd2 Be6 17. Bf1 Rd8 18. Nd4 Bd7 19. g3 Qc8 20. Bg2 c6 21. Na4
Qc7 22. Ne2 Ne5 1/2-1/2

[Event "Druga liga CS - Zapad 2018"]
[Site "?"]
[Date "2018.10.05"]
[Round "7.1"]
[White "Rikalovic, Milan"]
[Black "Pecinar, Zoran"]
[Result "0-1"]
[WhiteElo "2047"]
[BlackElo "2150"]
[PlyCount "94"]
[EventDate "2018.09.07"]
[WhiteTeam "SLOGA - Lipnicki sor"]
[BlackTeam "SLOBODA - Uzice"]

1. e4 c5 2. f4 Nc6 3. Nf3 g6 4. Bb5 Bg7 5. Bxc6 bxc6 6. d3 d6 7. Nbd2 Nf6 8.
O-O O-O 9. Rb1 Nd7 10. b3 Nb6 11. Qe2 f6 12. Bb2 e5 13. fxe5 fxe5 14. a4 Be6
15. Rf2 Qe7 16. Rbf1 Rf7 17. h3 Raf8 18. Qe3 Rf4 19. g3 Bxh3 20. gxf4 exf4 21.
Qe2 Bxf1 22. Qxf1 Bxb2 23. Rg2 Bg7 24. Rg4 Nd7 25. Qh3 Ne5 26. Rg2 Qd7 27. Qh4
Bf6 28. Nxe5 dxe5 29. Qh6 Rf7 30. Nf3 Qe6 31. Kh2 Bg7 32. Qh4 h6 33. Qf2 Bf8
34. Nh4 Rg7 35. Qg1 Kh7 36. Rg4 Qf6 37. Nf3 Be7 38. Qf1 Qe6 39. Qg1 h5 40. Rg5
Bf6 41. Rxe5 Qg4 42. Qxg4 hxg4 43. Re6 Bc3 44. Ne5 Bxe5 45. Rxe5 Rf7 46. Rxc5
f3 47. Kg1 g3 0-1

[Event "Druga liga CS - Zapad 2018"]
[Site "?"]
[Date "2018.10.05"]
[Round "7.1"]
[White "Zivanic, Slobodan"]
[Black "Acimovic, Radivoje"]
[Result "0-1"]
[WhiteElo "2068"]
[BlackElo "1985"]
[PlyCount "124"]
[EventDate "2018.09.07"]
[WhiteTeam "SLOBODA - Uzice"]
[BlackTeam "SLOGA - Lipnicki sor"]

1. e4 c5 2. Nf3 d6 3. d4 cxd4 4. Nxd4 Nf6 5. Nc3 e6 6. Be2 a6 7. a4 Be7 8. Be3
Qc7 9. O-O O-O 10. f4 Nc6 11. Bf3 Bd7 12. Nb3 Na5 13. Nxa5 Qxa5 14. Qd2 Bc6 15.
Nd5 Qd8 16. Bb6 Qd7 17. Nxe7+ Qxe7 18. Qb4 Rfe8 19. Rfd1 d5 20. Bc5 Qc7 21. Bd6
Qc8 22. e5 Ne4 23. Bxe4 dxe4 24. a5 Qd8 25. Qd2 Qh4 26. Qf2 Qh5 27. c4 Rac8 28.
b3 Rcd8 29. Qe3 Rd7 30. Rd2 f6 31. Rb2 fxe5 32. fxe5 Rf7 33. b4 Qg6 34. b5 axb5
35. cxb5 Bd5 36. a6 bxa6 37. bxa6 Rf3 38. Qe1 h5 39. a7 Ra8 40. Qh4 e3 41. Bb8
Rf5 42. Re1 Rg5 43. Qh3 Qe4 44. Rxe3 Qd4 45. Rbe2 Qd1+ 46. Re1 Qd4 47. R1e2
Qd1+ 48. Re1 Qd4 49. R1e2 Qd1+ 50. Kf2 Rxg2+ 51. Qxg2 Bxg2 52. Kxg2 Qd4 53. Re4
Qc5 54. h4 Rxa7 55. Bxa7 Qxa7 56. Rf4 Qc5 57. Kf3 Kh7 58. Rfe4 Kh6 59. Rf4 Qd5+
60. Rfe4 g5 61. hxg5+ Kxg5 62. Rg2+ Kf5 0-1

[Event "Druga liga CS - Zapad 2018"]
[Site "?"]
[Date "2018.10.05"]
[Round "7.1"]
[White "Markovic, Dejan Z"]
[Black "Cvijovic, Marko"]
[Result "0-1"]
[WhiteElo "1768"]
[BlackElo "1654"]
[PlyCount "64"]
[EventDate "2018.09.07"]
[WhiteTeam "SLOGA - Lipnicki sor"]
[BlackTeam "SLOBODA - Uzice"]

1. c4 Nf6 2. Nc3 c5 3. e4 d6 4. g3 g6 5. Bg2 Nc6 6. Nge2 Bg7 7. d3 e5 8. a3 h5
9. Bg5 Be6 10. Rb1 Qd7 11. h3 a5 12. Na4 Qc7 13. Nec3 Nd4 14. Be3 Bd7 15. Bg5
Bc6 16. Be3 Rb8 17. Bxd4 cxd4 18. Nb5 Bxb5 19. cxb5 Rc8 20. O-O Bh6 21. f4 Qd8
22. Rc1 Rxc1 23. Qxc1 h4 24. Qc4 hxg3 25. fxe5 Be3+ 26. Kh1 dxe5 27. b6 Qd7 28.
Rf5 gxf5 29. Nc5 Qc6 30. b4 axb4 31. axb4 f4 32. b5 Qxb6 0-1

[Event "Druga liga CS - Zapad 2018"]
[Site "?"]
[Date "2018.10.05"]
[Round "7.4"]
[White "Suljovic, Sulejman"]
[Black "Milosevic, Zoran"]
[Result "0-1"]
[WhiteElo "2236"]
[BlackElo "2223"]
[PlyCount "96"]
[EventDate "2018.09.07"]
[WhiteTeam "TUTIN - Tutin"]
[BlackTeam "BAJINA BASTA - Bajina basta"]

1. e4 c5 2. Nc3 e6 3. Nge2 a6 4. g3 b5 5. Bg2 Bb7 6. O-O b4 7. Na4 Nf6 8. d3 d6
9. h3 Nbd7 10. f4 Qc7 11. g4 Nb6 12. Nxb6 Qxb6 13. Be3 Be7 14. Ng3 Nd7 15. Qd2
Bf6 16. Rab1 g6 17. g5 Bd4 18. c3 Bxe3+ 19. Qxe3 a5 20. Rbd1 Rb8 21. Rf2 bxc3
22. bxc3 a4 23. Nf1 Ba6 24. Nh2 Qa5 25. d4 a3 26. Ng4 Bc4 27. Rdd2 Rb1+ 28. Kh2
Rc1 29. dxc5 Qxc5 30. Qxc5 dxc5 31. Rxd7 Kxd7 32. Ne5+ Kc7 33. Nxc4 Rxc3 34.
Ne5 Rb8 35. Rd2 Rb2 36. Rd7+ Kc8 37. Rxf7 Rcc2 38. Kg3 Rxg2+ 39. Kh4 Rxa2 40.
Rxh7 Raf2 41. Nxg6 a2 42. Ra7 Kb8 43. Ra5 Rg1 44. Ne5 Rxf4+ 45. Kh5 a1=Q 46.
Rxa1 Rxa1 47. Nd7+ Kc7 48. Nxc5 Kd6 0-1

[Event "Druga liga CS - Zapad 2018"]
[Site "?"]
[Date "2018.10.05"]
[Round "7.4"]
[White "Kurcubic, Jelenko"]
[Black "Ikic, Alija"]
[Result "1-0"]
[WhiteElo "2094"]
[BlackElo "2160"]
[PlyCount "71"]
[EventDate "2018.09.07"]
[WhiteTeam "BAJINA BASTA - Bajina basta"]
[BlackTeam "TUTIN - Tutin"]

1. Nf3 Nf6 2. d4 g6 3. g3 Bg7 4. Bg2 d6 5. O-O O-O 6. Nc3 Nc6 7. Bg5 h6 8. Bf4
g5 9. Be3 Ng4 10. Bc1 f5 11. h3 Nf6 12. d5 Nb4 13. a3 Na6 14. h4 g4 15. Nd4 Nc5
16. Bf4 Nh5 17. e3 Nf6 18. f3 h5 19. b4 Na6 20. Qd3 gxf3 21. Rxf3 Ng4 22. Bg5
Ne5 23. Qe2 Nxf3+ 24. Bxf3 Nc5 25. Bxh5 Ne4 26. Nxe4 fxe4 27. Bg6 Bxd4 28. exd4
Bf5 29. Qh5 Bxg6 30. Qxg6+ Kh8 31. Qh6+ Kg8 32. Qe6+ Rf7 33. Rf1 Qf8 34. Rf5 c6
35. Bh6 Qe8 36. Qg6+ 1-0

[Event "Druga liga CS - Zapad 2018"]
[Site "?"]
[Date "2018.10.05"]
[Round "7.4"]
[White "Smailovic, Ramiz"]
[Black "Minic, Miroslav"]
[Result "1/2-1/2"]
[WhiteElo "2144"]
[BlackElo "2078"]
[PlyCount "34"]
[EventDate "2018.09.07"]
[WhiteTeam "TUTIN - Tutin"]
[BlackTeam "BAJINA BASTA - Bajina basta"]

1. d4 d6 2. c4 f5 3. Nf3 Nf6 4. Nc3 g6 5. g3 Bg7 6. Bg2 O-O 7. O-O Nc6 8. d5
Ne5 9. Nd2 e6 10. dxe6 c6 11. b3 Bxe6 12. Bb2 d5 13. cxd5 Nxd5 14. Nxd5 Bxd5
15. Bxd5+ Qxd5 16. Qc2 Rad8 17. Rad1 Qe6 1/2-1/2

[Event "Druga liga CS - Zapad 2018"]
[Site "?"]
[Date "2018.10.05"]
[Round "7.4"]
[White "Jelisavcic, Srdjan"]
[Black "Jovic, Branko"]
[Result "1/2-1/2"]
[WhiteElo "2077"]
[BlackElo "2031"]
[PlyCount "82"]
[EventDate "2018.09.07"]
[WhiteTeam "BAJINA BASTA - Bajina basta"]
[BlackTeam "TUTIN - Tutin"]

1. e4 c5 2. Nc3 e6 3. g3 Nc6 4. Bg2 g6 5. d3 Bg7 6. Be3 d6 7. Nge2 Nge7 8. Qd2
Nd4 9. O-O Nec6 10. Nd1 Nxe2+ 11. Qxe2 O-O 12. Qd2 Rb8 13. f4 Bd7 14. c3 Qa5
15. f5 exf5 16. Bh6 Qd8 17. Bxg7 Kxg7 18. Ne3 fxe4 19. dxe4 Be6 20. Nf5+ Bxf5
21. exf5 f6 22. Rad1 Qb6 23. fxg6 hxg6 24. Rf4 Ne5 25. Rh4 Rh8 26. Rxh8 Rxh8
27. Qxd6 Qxd6 28. Rxd6 Re8 29. Bd5 b6 30. a4 Re7 31. Rd8 Rd7 32. Rxd7+ Nxd7 33.
Kf2 f5 34. h4 Kf6 35. Ke3 Ne5 36. b3 Ng4+ 37. Kd3 Ne5+ 38. Ke2 a5 39. Ke3 Ng4+
40. Kf4 Ne5 41. Ke3 Ng4+ 1/2-1/2

[Event "Druga liga CS - Zapad 2018"]
[Site "?"]
[Date "2018.10.05"]
[Round "7.4"]
[White "Djordjevic, Edita"]
[Black "Dzaferovic, Dzafer"]
[Result "0-1"]
[WhiteElo "2030"]
[BlackElo "1883"]
[PlyCount "117"]
[EventDate "2018.09.07"]
[WhiteTeam "BAJINA BASTA - Bajina basta"]
[BlackTeam "TUTIN - Tutin"]

1. e4 c6 2. d4 d5 3. Nc3 dxe4 4. Nxe4 Bf5 5. Ng3 Bg6 6. Nf3 Nd7 7. Bd3 e6 8.
O-O Bd6 9. Re1 Ngf6 10. c3 Qc7 11. Qe2 Bxd3 12. Qxd3 O-O 13. Ne4 Nxe4 14. Qxe4
Nf6 15. Qe2 c5 16. h3 cxd4 17. Nxd4 a6 18. Bg5 Nd7 19. Rad1 Rfe8 20. Nf3 Nf8
21. Rd3 f6 22. Bc1 e5 23. Qe4 Rad8 24. g4 Ng6 25. h4 Be7 26. Red1 Rxd3 27. Rxd3
Rd8 28. h5 Nf8 29. g5 Rxd3 30. Qxd3 Qd7 31. Qxd7 Nxd7 32. gxf6 gxf6 33. Nh4 Kf7
34. Nf5 Bf8 35. Kg2 Ke6 36. Ng3 f5 37. f3 Bc5 38. b4 Bd6 39. Bg5 b5 40. Kf2 Nb6
41. Bd2 Bf8 42. h6 Nd5 43. Nh5 f4 44. Ng7+ Bxg7 45. hxg7 Kf7 46. Ke2 Kxg7 47.
Kd3 Kf6 48. c4 bxc4+ 49. Kxc4 Ke6 50. a4 h5 51. Be1 Nb6+ 52. Kb3 Kd5 53. Bf2
Nc4 54. Kc3 Nd6 55. Kd3 e4+ 56. fxe4+ Nxe4 57. Be1 Ng5 58. Kd2 h4 59. Bf2 0-1

[Event "Druga liga CS - Zapad 2018"]
[Site "?"]
[Date "2018.10.05"]
[Round "7.4"]
[White "Muminovic, Edin"]
[Black "Lazovic, Luka"]
[Result "1/2-1/2"]
[WhiteElo "1774"]
[BlackElo "1754"]
[PlyCount "25"]
[EventDate "2018.09.07"]
[WhiteTeam "TUTIN - Tutin"]
[BlackTeam "BAJINA BASTA - Bajina basta"]

1. e4 c6 2. d4 d5 3. exd5 cxd5 4. Nf3 Nf6 5. Nc3 Nc6 6. Bf4 a6 7. a3 g6 8. Be2
Bg7 9. h3 Ne4 10. Rb1 Qa5 11. Bd2 Nxd2 12. Qxd2 O-O 13. O-O 1/2-1/2

[Event "Druga liga CS - Zapad 2018"]
[Site "?"]
[Date "2018.10.05"]
[Round "7.6"]
[White "Kolognat, Petar"]
[Black "Jovicic, Radosav"]
[Result "0-1"]
[WhiteElo "2329"]
[BlackElo "2219"]
[PlyCount "136"]
[EventDate "2018.09.07"]
[WhiteTeam "KRUPANJSKI SK - Krupanj"]
[BlackTeam "KRUSEVAC - Krusevac"]

1. d4 Nf6 2. Nf3 g6 3. g3 Bg7 4. Bg2 O-O 5. O-O d6 6. Re1 c5 7. c3 Qc7 8. Nbd2
Nc6 9. h3 e5 10. dxe5 dxe5 11. e4 h6 12. Qc2 Be6 13. Nf1 Rad8 14. Be3 Qe7 15.
Rad1 Nd7 16. g4 c4 17. Ng3 Nc5 18. Bf1 b5 19. Rxd8 Rxd8 20. Rd1 Rb8 21. Qd2 Na4
22. Qc2 Rc8 23. Nd2 a6 24. Be2 Bf8 25. Rc1 Qd8 26. Rd1 Qa5 27. a3 Kg7 28. Qc1
Kh7 29. Kh2 Qc7 30. Qc2 Na5 31. Rf1 Nb7 32. Qc1 Nbc5 33. Qc2 Rd8 34. Rd1 Be7
35. Nf3 Rxd1 36. Bxd1 f6 37. Qd2 Bf8 38. Bxa4 Nxa4 39. Ne1 Qd7 40. Qc2 Bf7 41.
Kg2 Bc5 42. Nf1 Bxe3 43. Nxe3 Kg7 44. f3 Be6 45. Kf2 Qd8 46. Ke2 Qh8 47. Qd2
Qb8 48. h4 Qc7 49. N1g2 Qd7 50. Nd1 Qxd2+ 51. Kxd2 f5 52. gxf5 gxf5 53. exf5
Bxf5 54. Nge3 Kg6 55. Ke2 Bd3+ 56. Kf2 Kh5 57. Kg3 Be2 58. Nf2 Nxb2 59. Nd5 Bd3
60. Ne7 Na4 61. Nc6 Nxc3 62. Nxe5 Bf5 63. Nfg4 Nd5 64. Kf2 c3 65. Ke2 a5 66.
Nc6 b4 67. Nxa5 bxa3 68. Nb3 c2 0-1

[Event "Druga liga CS - Zapad 2018"]
[Site "?"]
[Date "2018.10.05"]
[Round "7.6"]
[White "Djokic, Slavoljub"]
[Black "Begus, Drasko"]
[Result "0-1"]
[WhiteElo "2122"]
[BlackElo "2269"]
[PlyCount "158"]
[EventDate "2018.09.07"]
[WhiteTeam "KRUSEVAC - Krusevac"]
[BlackTeam "KRUPANJSKI SK - Krupanj"]

1. c4 Nf6 2. Nc3 g6 3. Nf3 Bg7 4. g3 O-O 5. Bg2 d6 6. O-O Nc6 7. d4 Bf5 8. Nh4
Bd7 9. h3 e5 10. d5 Ne7 11. e4 Ne8 12. Bg5 f6 13. Be3 g5 14. Nf3 g4 15. hxg4
Bxg4 16. Qd2 Bd7 17. b4 Ng6 18. Kh2 Qe7 19. Rh1 f5 20. exf5 Bxf5 21. Kg1 Bf6
22. Ng5 Bxg5 23. Bxg5 Qd7 24. Ne4 Bxe4 25. Bxe4 Nf6 26. Bxf6 Rxf6 27. Qg5 Qg7
28. Rh6 Raf8 29. f3 R8f7 30. c5 Nf8 31. Qxg7+ Kxg7 32. Rxf6 Kxf6 33. cxd6 cxd6
34. Rc1 Nd7 35. a4 Nb6 36. a5 Na8 37. Rc8 Nc7 38. Rh8 Na6 39. b5 Nc5 40. Ra8 a6
41. bxa6 Nxa6 42. Rd8 Ke7 43. Rh8 Nc5 44. Kg2 Nb3 45. Ra8 Nc5 46. Bc2 Rf8 47.
Ra7 h6 48. a6 Rb8 49. axb7 Rxb7 50. Ra2 Rb4 51. Kh3 Rc4 52. Bh7 Kf6 53. Ra7 Rb4
54. Ra8 Rd4 55. Rg8 Rxd5 56. Rg6+ Kf7 57. Rxh6 Rd4 58. Bf5 Kg7 59. Rh7+ Kf6 60.
g4 e4 61. Rh6+ Kg5 62. Rg6+ Kf4 63. fxe4 Rd3+ 64. Kg2 Rd2+ 65. Kf1 Kf3 66. Ke1
Ke3 67. Rh6 Nd3+ 68. Kf1 Nf4 69. Ke1 Nd3+ 70. Kf1 Nf4 71. Ke1 Ng2+ 72. Kf1 Nf4
73. Ke1 Nd3+ 74. Kf1 Nf4 75. Ke1 Nd3+ 76. Kf1 Nf4 77. Ke1 Ng2+ 78. Kf1 Rf2+ 79.
Kg1 Ne1 0-1

[Event "Druga liga CS - Zapad 2018"]
[Site "?"]
[Date "2018.10.05"]
[Round "7.6"]
[White "Ljubinkovic, Miodrag"]
[Black "Djordjevic, Gradimir"]
[Result "1-0"]
[WhiteElo "2222"]
[BlackElo "2003"]
[PlyCount "78"]
[EventDate "2018.09.07"]
[WhiteTeam "KRUPANJSKI SK - Krupanj"]
[BlackTeam "KRUSEVAC - Krusevac"]

1. d4 Nf6 2. Nf3 d5 3. c3 c6 4. Bf4 Bf5 5. Nbd2 e6 6. e3 Bd6 7. Bg5 Nbd7 8. Be2
Qc7 9. a3 O-O 10. c4 b6 11. cxd5 cxd5 12. Rc1 Qb7 13. Nh4 Rac8 14. Nxf5 exf5
15. O-O Rxc1 16. Qxc1 Rc8 17. Qd1 Ne4 18. Nxe4 fxe4 19. Qa4 Nb8 20. Bg4 Rf8 21.
Rc1 h6 22. Bh4 a6 23. Qc2 f5 24. Be2 g5 25. Bg3 f4 26. exf4 gxf4 27. Bh4 Qg7
28. Qb3 Qb7 29. Bg4 Re8 30. Qh3 Qg7 31. Be6+ Kh7 32. Bxd5 Qg6 33. f3 exf3 34.
Bxf3 Qd3 35. Bf2 Re7 36. Qh5 Qg6 37. Qh3 Nd7 38. Bg4 Rg7 39. Bf5 Kh8 1-0

[Event "Druga liga CS - Zapad 2018"]
[Site "?"]
[Date "2018.10.05"]
[Round "7.6"]
[White "Zajic, Milun"]
[Black "Djuric, Zoran"]
[Result "1-0"]
[WhiteElo "2006"]
[BlackElo "2248"]
[PlyCount "77"]
[EventDate "2018.09.07"]
[WhiteTeam "KRUSEVAC - Krusevac"]
[BlackTeam "KRUPANJSKI SK - Krupanj"]

1. c4 e5 2. g3 g6 3. Bg2 Bg7 4. Nc3 Ne7 5. e4 Nbc6 6. Nge2 d6 7. O-O Be6 8. Nd5
Qd7 9. Rb1 h5 10. d3 f6 11. f4 Bg4 12. Qc2 h4 13. b4 Nxd5 14. exd5 Ne7 15. fxe5
dxe5 16. Nc3 hxg3 17. hxg3 Bh3 18. Qf2 Bxg2 19. Qxg2 Qg4 20. Ne4 Nf5 21. Bd2
Rh3 22. Nf2 Qxg3 23. Nxh3 O-O-O 24. Qxg3 Nxg3 25. Rf3 Ne2+ 26. Kf1 Nd4 27. Rg3
g5 28. Nf2 Nf5 29. Rh3 c6 30. dxc6 bxc6 31. b5 Kd7 32. Ba5 Rc8 33. Ne4 cxb5 34.
Rxb5 Ke6 35. Rb7 Bf8 36. Rh8 Ne3+ 37. Ke2 Nf5 38. Bb4 Ne7 39. Kf1 1-0

[Event "Druga liga CS - Zapad 2018"]
[Site "?"]
[Date "2018.10.05"]
[Round "7.6"]
[White "Isailovic, Goran"]
[Black "Pribanovic, Milivoje"]
[Result "1-0"]
[WhiteElo "2189"]
[BlackElo "1871"]
[PlyCount "65"]
[EventDate "2018.09.07"]
[WhiteTeam "KRUPANJSKI SK - Krupanj"]
[BlackTeam "KRUSEVAC - Krusevac"]

1. e4 c5 2. Nf3 d6 3. d4 cxd4 4. Nxd4 Nf6 5. Nc3 a6 6. Be2 e6 7. O-O Nc6 8. Be3
Qc7 9. f4 Be7 10. Qe1 O-O 11. Qg3 Bd7 12. Rad1 b5 13. e5 Ne8 14. exd6 Bxd6 15.
Ne4 Be7 16. Nb3 Nb4 17. c3 Nd5 18. Bd4 Nef6 19. Bf3 Bc6 20. Nxf6+ Nxf6 21. Be5
Qb6+ 22. Kh1 Rad8 23. Rxd8 Bxd8 24. f5 Bxf3 25. gxf3 Nh5 26. Qh3 g6 27. Nd4
exf5 28. Nxf5 Bf6 29. Bd4 Bxd4 30. Nxd4 b4 31. Rg1 bxc3 32. bxc3 Qf6 33. Qxh5
1-0

[Event "Druga liga CS - Zapad 2018"]
[Site "?"]
[Date "2018.10.05"]
[Round "7.6"]
[White "Tosic, Dragoljub"]
[Black "Nedeljkovic, Milivoje"]
[Result "0-1"]
[WhiteElo "1834"]
[BlackElo "2027"]
[PlyCount "54"]
[EventDate "2018.09.07"]
[WhiteTeam "KRUSEVAC - Krusevac"]
[BlackTeam "KRUPANJSKI SK - Krupanj"]

1. d4 Nf6 2. Nf3 c5 3. g3 e6 4. Bg2 d5 5. O-O Nc6 6. c4 Be7 7. cxd5 exd5 8. Nc3
c4 9. Ne5 O-O 10. Bg5 Be6 11. Bxf6 Bxf6 12. e3 Nxe5 13. dxe5 Bxe5 14. Rc1 d4
15. exd4 Qxd4 16. Bxb7 Qxd1 17. Rfxd1 Rab8 18. Bd5 Rxb2 19. Bxe6 fxe6 20. f4
Bc7 21. Na4 Rb4 22. Nc3 Bb6+ 23. Kg2 Rb2+ 24. Kf3 e5 25. Ne2 e4+ 26. Kg4 Rxe2
27. Rxc4 Rxh2 0-1

[Event "Druga liga CS - Zapad 2018"]
[Site "?"]
[Date "2018.10.05"]
[Round "7.6"]
[White "Radovanovic, Zoran S"]
[Black "Ristic, Dejan D"]
[Result "1/2-1/2"]
[WhiteElo "1919"]
[BlackElo "1803"]
[PlyCount "45"]
[EventDate "2018.09.07"]
[WhiteTeam "KRUPANJSKI SK - Krupanj"]
[BlackTeam "KRUSEVAC - Krusevac"]

1. e4 e5 2. Nf3 Nf6 3. Nxe5 d6 4. Nf3 Nxe4 5. d4 d5 6. Bd3 Nc6 7. O-O Be7 8.
Re1 Nf6 9. h3 h6 10. c3 Be6 11. Nbd2 Qd7 12. Bf1 g5 13. Ne5 Nxe5 14. dxe5 Nh7
15. Be2 Rg8 16. Bg4 Bxg4 17. Qxg4 Qxg4 18. hxg4 Rg6 19. Nf3 c5 20. Be3 O-O-O
21. Rad1 b6 22. Rd2 Kc7 23. Red1 1/2-1/2

[Event "Druga liga CS - Zapad 2018"]
[Site "?"]
[Date "2018.10.05"]
[Round "7.6"]
[White "Ackovic, Nemanja"]
[Black "Sujdovic, Ivan"]
[Result "1/2-1/2"]
[WhiteElo "1706"]
[BlackElo "1792"]
[PlyCount "29"]
[EventDate "2018.09.07"]
[WhiteTeam "KRUSEVAC - Krusevac"]
[BlackTeam "KRUPANJSKI SK - Krupanj"]

1. e4 e5 2. Nf3 Nc6 3. Bc4 Bc5 4. c3 Nf6 5. d3 h6 6. Nbd2 d6 7. h3 Be6 8. Bb3
d5 9. exd5 Bxd5 10. O-O O-O 11. Re1 Re8 12. Ne4 Nxe4 13. dxe4 Bxb3 14. Qxb3 Bb6
15. Be3 1/2-1/2

[Event "Druga liga CS - Zapad 2018"]
[Site "?"]
[Date "2018.10.05"]
[Round "7.2"]
[White "Pikula, Dejan"]
[Black "Toth, Aleksandar"]
[Result "1-0"]
[WhiteElo "2469"]
[BlackElo "2358"]
[PlyCount "89"]
[EventDate "2018.09.07"]
[WhiteTeam "ARANDJELOVACKI SK - Arandjelovac"]
[BlackTeam "ZUPA - Aleksandrovac"]

1. d4 Nf6 2. Bf4 g6 3. Nc3 d5 4. e3 Bg7 5. h4 h5 6. Nf3 O-O 7. Ne5 c5 8. dxc5
Ng4 9. Nxg4 Bxg4 10. Qd2 e5 11. Bg3 d4 12. Ne4 Qd5 13. f3 Be6 14. exd4 exd4 15.
Bd3 Nd7 16. O-O Nxc5 17. Nxc5 Qxc5 18. Rfe1 Rfe8 19. Qg5 Rac8 20. Be5 Bc4 21.
Bxg7 Rxe1+ 22. Rxe1 Qxg5 23. hxg5 Kxg7 24. Re7 Bxd3 25. cxd3 b5 26. Rxa7 Rc2
27. b3 Rd2 28. Ra5 Kf8 29. b4 Rxd3 30. Rxb5 Rd1+ 31. Kh2 d3 32. Rd5 d2 33. a4
Ra1 34. Rxd2 Rxa4 35. Rb2 Ke7 36. b5 Kd7 37. b6 Kc8 38. Re2 Rf4 39. Re5 h4 40.
Re7 Kb8 41. Kh3 Kc8 42. Ra7 Kb8 43. Rd7 Kc8 44. Rd6 Kb7 45. Rf6 1-0

[Event "Druga liga CS - Zapad 2018"]
[Site "?"]
[Date "2018.10.05"]
[Round "7.2"]
[White "Bojovic, Dusan"]
[Black "Tomic, Aleksandar"]
[Result "0-1"]
[WhiteElo "2237"]
[BlackElo "2293"]
[PlyCount "66"]
[EventDate "2018.09.07"]
[WhiteTeam "ZUPA - Aleksandrovac"]
[BlackTeam "ARANDJELOVACKI SK - Arandjelovac"]

1. e4 c5 2. Nf3 e6 3. d4 cxd4 4. Nxd4 a6 5. Bd3 Nf6 6. Nc3 Qc7 7. O-O Bc5 8.
Be3 d6 9. Qe2 b5 10. Nb3 Bxe3 11. Qxe3 O-O 12. h3 Nc6 13. f4 b4 14. Ne2 a5 15.
a4 bxa3 16. Rxa3 Nb4 17. Nc3 Bd7 18. e5 Nfd5 19. Nxd5 Nxd5 20. Qe4 f5 21. Qd4
dxe5 22. fxe5 Rfb8 23. c4 Nb4 24. Qc5 Qd8 25. Be2 Nc2 26. Rxa5 Rxb3 27. Rxa8
Qxa8 28. Rd1 Rb7 29. Qe7 Qe8 30. Qd6 Ne3 31. Rd2 Ba4 32. Qc5 f4 33. b4 Bc6 0-1

[Event "Druga liga CS - Zapad 2018"]
[Site "?"]
[Date "2018.10.05"]
[Round "7.2"]
[White "Djukic, Sinisa"]
[Black "Vojinovic, Luka"]
[Result "0-1"]
[WhiteElo "2039"]
[BlackElo "2205"]
[PlyCount "62"]
[EventDate "2018.09.07"]
[WhiteTeam "ZUPA - Aleksandrovac"]
[BlackTeam "ARANDJELOVACKI SK - Arandjelovac"]

1. d4 d5 2. Nf3 Nf6 3. Bg5 Ne4 4. Bf4 c5 5. Bxb8 Rxb8 6. c3 e6 7. dxc5 Bxc5 8.
e3 O-O 9. Nbd2 f5 10. g3 b5 11. a3 Qf6 12. Nd4 Bd7 13. Bg2 e5 14. N4b3 Bb6 15.
O-O Bc6 16. Nxe4 fxe4 17. Qc2 a5 18. Rad1 h5 19. Qe2 Qg5 20. Na1 Rf6 21. Nc2 h4
22. g4 h3 23. Bxh3 Rf3 24. Bg2 Rbf8 25. h3 Qh4 26. Ne1 Rxh3 27. Bxh3 Qxh3 28.
Ng2 Bb7 29. f4 exf4 30. Qf2 Rf6 31. g5 fxe3 0-1

[Event "Druga liga CS - Zapad 2018"]
[Site "?"]
[Date "2018.10.05"]
[Round "7.2"]
[White "Vlajkovic, Stanko"]
[Black "Djukic, Sasa"]
[Result "1-0"]
[WhiteElo "2224"]
[BlackElo "1993"]
[PlyCount "77"]
[EventDate "2018.09.07"]
[WhiteTeam "ARANDJELOVACKI SK - Arandjelovac"]
[BlackTeam "ZUPA - Aleksandrovac"]

1. Nf3 Nc6 2. d4 d5 3. c4 e5 4. dxe5 Bb4+ 5. Bd2 dxc4 6. Qa4 Qe7 7. a3 Bxd2+ 8.
Nbxd2 Be6 9. e3 a6 10. Nd4 Qc5 11. Bxc4 Bxc4 12. Qxc4 Qxc4 13. Nxc4 Nxd4 14.
exd4 O-O-O 15. O-O-O Ne7 16. Kc2 Rd7 17. Rd2 Rhd8 18. Rhd1 Nd5 19. g3 b5 20.
Ne3 g6 21. Ng2 a5 22. Ne1 Ne7 23. Nf3 h6 24. Re1 Rd5 25. Kd3 c5 26. Kc3 Nc6 27.
e6 fxe6 28. Rxe6 Nxd4 29. Nxd4 cxd4+ 30. Kd3 R8d6 31. Rxd6 Rxd6 32. Re2 Kc7 33.
Re4 Kc6 34. f4 Kc5 35. Re5+ Kc6 36. a4 bxa4 37. Rxa5 Rd8 38. Rxa4 Rb8 39. Rc4+
1-0

[Event "II liga CS- zapad"]
[Site "Arandjelovac"]
[Date "2018.10.05"]
[Round "7.14"]
[White "Radenkovic, Aleksa"]
[Black "Lekic, Miodrag"]
[Result "0-1"]
[WhiteElo "2004"]
[BlackElo "2208"]
[PlyCount "65"]
[EventDate "2018.??.??"]

1. e4 d6 2. d4 Nf6 3. Nc3 g6 4. Bc4 c6 5. Bb3 Bg7 6. Nf3 O-O 7. O-O Bg4 8. h3
Bxf3 9. Qxf3 Nbd7 10. Bg5 e5 11. d5 c5 12. Ba4 h6 13. Bd2 a6 14. Bxd7 Nxd7 15.
g4 b5 16. Ne2 Kh7 17. Kh2 Bf6 18. Qg2 Bg5 19. f4 exf4 20. Bxf4 Bxf4+ 21. Rxf4
Qe7 22. Raf1 Rae8 23. Ng3 Ne5 24. Qe2 Kg8 25. Rf6 Nd7 26. R6f4 Qe5 27. c3 Qe7
28. Qg2 Ne5 29. Rf6 Nd7 30. Nf5 gxf5 31. gxf5+ Kh7 32. Rxh6+ Kxh6 33. Rh1 0-1